[Event "Olympiad-45"]
[Site "Budapest"]
[Date "2024.09.19"]
[Round "8.2"]
[White "Silva, David Miguel Da"]
[Black "Krstulovic, Alex"]
[Result "1-0"]
[WhiteElo "2363"]
[BlackElo "2452"]
[PlyCount "69"]
[EventDate "2024.09.11"]
[EventType "team-swiss"]
[EventRounds "11"]
[EventCountry "HUN"]
[SourceTitle "EXT 2025"]
[Source "ChessBase"]
[SourceDate "2024.10.14"]
[SourceVersion "1"]
[SourceVersionDate "2024.10.14"]
[SourceQuality "1"]
[WhiteTeam "Angola"]
[BlackTeam "Hungary III"]
[WhiteTeamCountry "ANG"]
[BlackTeamCountry "HUN"]

1. e4 c6 2. Nf3 d5 3. exd5 cxd5 4. Ne5 a6 5. d4 Nc6 6. c3 Nxe5 7. dxe5 Bf5 8. Nd2 Qd7 9. Nf3 e6 10. Bd3 Ne7 11. 0-0 Rc8 12. Nd4 Bxd3 13. Qxd3 Nc6 14. Qg3 g6 15. Bg5 Bg7 16. Nf3 Qc7 17. Rfe1 Ne7 18. Qh3 h6 19. Bf6 Kf8 20. Nd4 Nc6 21. Rad1 Nxe5 22. Bxg7+ Kxg7 23. Qh4 Rhe8 24. Re3 Nc4 25. Rh3 h5 26. Re1 Qd8 27. Qg3 Qd6 28. Qg5 Qd8 29. Qg3 Qd6 30. Qg5 Nxb2 31. g4 Qd8 32. Qc1 e5 33. Rxh5 Qf6 34. Qh6+ Kg8 35. Nf5 1-0

[Event "Olympiad-45"]
[Site "Budapest"]
[Date "2024.09.13"]
[Round "3.60"]
[White "Silva, David Miguel Da"]
[Black "Amarathunga, Kosala Sandeepa Cha"]
[Result "1-0"]
[WhiteElo "2363"]
[BlackElo "1956"]
[PlyCount "77"]
[EventDate "2024.09.11"]
[EventType "team-swiss"]
[EventRounds "11"]
[EventCountry "HUN"]
[SourceTitle "EXT 2025"]
[Source "ChessBase"]
[SourceDate "2024.10.14"]
[SourceVersion "1"]
[SourceVersionDate "2024.10.14"]
[SourceQuality "1"]
[WhiteTeam "Angola"]
[BlackTeam "Sri Lanka"]
[WhiteTeamCountry "ANG"]
[BlackTeamCountry "SRI"]

1. e4 e6 2. Qe2 c5 3. Nf3 Nc6 4. g3 g6 5. Bg2 d6 6. 0-0 Bg7 7. c3 Nge7 8. Rd1 e5 9. Na3 0-0 10. Nc2 Qb6 11. Ne3 h6 12. d3 Be6 13. Nh4 Rae8 14. Rf1 f5 15. Nd5 Bxd5 16. exd5 Nb8 17. Rb1 a5 18. Qd1 Nd7 19. b4 axb4 20. cxb4 Nf6 21. Be3 Qc7 22. bxc5 dxc5 23. Qb3 Qd6 24. Rfc1 Nd7 25. f4 exf4 26. Bxf4 Ne5 27. Nf3 Kh7 28. Kh1 Nc8 29. d4 cxd4 30. Nxd4 Rf7 31. Ne6 Bf6 32. Re1 g5 33. Bxe5 Bxe5 34. Qe3 Bf6 35. Nxg5+ Bxg5 36. Qxe8 Rc7 37. Re6 Qd7 38. Qg6+ Kh8 39. Re8+ 1-0

[Event "Olympiad-45"]
[Site "Budapest"]
[Date "2024.09.11"]
[Round "1.82"]
[White "Silva, David Miguel Da"]
[Black "Samuel, Jhon"]
[Result "1-0"]
[WhiteElo "2363"]
[BlackElo "1545"]
[PlyCount "55"]
[EventDate "2024.09.11"]
[EventType "team-swiss"]
[EventRounds "11"]
[EventCountry "HUN"]
[SourceTitle "EXT 2025"]
[Source "ChessBase"]
[SourceDate "2024.10.14"]
[SourceVersion "1"]
[SourceVersionDate "2024.10.14"]
[SourceQuality "1"]
[WhiteTeam "Angola"]
[BlackTeam "British Virgin Islands"]
[WhiteTeamCountry "ANG"]
[BlackTeamCountry "IVB"]

1. e4 c6 2. Nc3 d5 3. Nf3 Bg4 4. h3 Bxf3 5. Qxf3 d4 6. Ne2 e5 7. Ng3 Qf6 8. Qb3 Qe7 9. Nf5 Qd7 10. Qg3 f6 11. Bc4 g6 12. Nh4 Ne7 13. d3 Na6 14. a3 Nc7 15. f4 Bg7 16. fxe5 fxe5 17. 0-0 Ne6 18. Bd2 0-0-0 19. Rf7 Rhf8 20. Bxe6 Qxe6 21. Rxg7 Rf7 22. Rxf7 Qxf7 23. Qxe5 Rf8 24. Qxd4 b6 25. Nf3 Qf6 26. Qxf6 Rxf6 27. Bg5 Rf7 28. Ne5 1-0

[Event "Africa-ch"]
[Site "Accra"]
[Date "2024.03.20"]
[Round "9"]
[White "Silva, David Miguel Da"]
[Black "Abdulraheem, Abdulrahman Akintoy"]
[Result "1/2-1/2"]
[WhiteElo "2358"]
[BlackElo "2229"]
[PlyCount "77"]
[EventDate "2024.03.13"]
[EventType "swiss"]
[EventRounds "9"]
[EventCountry "GHA"]
[SourceTitle "EXT 2025"]
[Source "ChessBase"]
[SourceDate "2024.10.14"]
[SourceVersion "1"]
[SourceVersionDate "2024.10.14"]
[SourceQuality "1"]

1. e4 c5 2. c3 e6 3. Nf3 d5 4. exd5 Qxd5 5. d4 Nf6 6. Be2 Be7 7. 0-0 0-0 8. Be3 cxd4 9. cxd4 Nc6 10. Nc3 Qa5 11. a3 a6 12. Bd3 Rd8 13. b4 Qc7 14. Rc1 Qb8 15. Na4 Nd5 16. Be4 Bf6 17. Qd2 Nce7 18. Rfe1 b6 19. Bg5 Bb7 20. Bb1 Bxg5 21. Qxg5 h6 22. Qh4 Qf4 23. Qxf4 Nxf4 24. Nxb6 Bxf3 25. gxf3 Rab8 26. Na4 Rxd4 27. Nc5 Rb6 28. Nb3 Rd5 29. Rc7 Rg5+ 30. Kf1 Nf5 31. Nc5 Rb8 32. Nxa6 Rd8 33. Rec1 Rd2 34. Bxf5 exf5 35. R7c2 Rd3 36. Rc3 Rd2 37. R3c2 Rd3 38. Rc3 Rd2 39. R3c2 1/2-1/2

[Event "Africa-ch"]
[Site "Accra"]
[Date "2024.03.17"]
[Round "5"]
[White "Rakotomaharo, Fy Antenaina"]
[Black "Silva, David Miguel Da"]
[Result "1/2-1/2"]
[WhiteElo "2454"]
[BlackElo "2358"]
[PlyCount "67"]
[EventDate "2024.03.13"]
[EventType "swiss"]
[EventRounds "9"]
[EventCountry "GHA"]
[SourceTitle "EXT 2025"]
[Source "ChessBase"]
[SourceDate "2024.10.14"]
[SourceVersion "1"]
[SourceVersionDate "2024.10.14"]
[SourceQuality "1"]

1. d4 Nf6 2. Nf3 g6 3. Bg5 Bg7 4. Nbd2 0-0 5. c3 d6 6. e4 h6 7. Bh4 g5 8. Bg3 Nh5 9. Bc4 e6 10. Bb3 Nc6 11. Ng1 Nxg3 12. hxg3 e5 13. d5 Ne7 14. g4 c6 15. c4 b5 16. dxc6 Nxc6 17. Ne2 Nb4 18. Ng3 Nd3+ 19. Kf1 Nxb2 20. Qe2 bxc4 21. Nxc4 Nxc4 22. Bxc4 Be6 23. Nf5 Bxf5 24. gxf5 Qf6 25. Rh3 Rfc8 26. Rb3 Rc7 27. Rab1 Rac8 28. Rb8 Qd8 29. Rxc8 Qxc8 30. Bb3 Rc1+ 31. Rxc1 Qxc1+ 32. Qe1 Qxe1+ 33. Kxe1 Bf6 34. g4 1/2-1/2

[Event "Africa-ch"]
[Site "Accra"]
[Date "2024.03.13"]
[Round "1"]
[White "Murara, Maxence"]
[Black "Silva, David Miguel Da"]
[Result "0-1"]
[WhiteElo "1880"]
[BlackElo "2358"]
[PlyCount "107"]
[EventDate "2024.03.13"]
[EventType "swiss"]
[EventRounds "9"]
[EventCountry "GHA"]
[SourceTitle "EXT 2025"]
[Source "ChessBase"]
[SourceDate "2024.10.14"]
[SourceVersion "1"]
[SourceVersionDate "2024.10.14"]
[SourceQuality "1"]

1. d4 Nf6 2. c4 g6 3. Nc3 Bg7 4. Nf3 0-0 5. e4 d6 6. Bd3 Bg4 7. h3 Bxf3 8. Qxf3 Nc6 9. Be3 Nd7 10. d5 Nd4 11. Qd1 c5 12. 0-0 e5 13. f4 exf4 14. Bxf4 Ne5 15. Bxe5 Bxe5 16. Ne2 Qg5 17. Nxd4 Bxd4+ 18. Kh1 Bxb2 19. Rb1 Be5 20. Qf3 Qe7 21. Rb3 b6 22. Qg4 Rab8 23. h4 h5 24. Qh3 Kg7 25. Be2 Bf6 26. g3 Qxe4+ 27. Qg2 Qxg2+ 28. Kxg2 Rbe8 29. Bd1 Re4 30. Rbf3 Be5 31. Bb3 f5 32. R1f2 a6 33. a4 Rb8 34. Ra2 b5 35. cxb5 axb5 36. a5 c4 37. Bc2 b4 38. Bxe4 fxe4 39. Rf1 b3 40. Raf2 b2 41. a6 b1Q 42. Rxb1 Rxb1 43. Ra2 Rb8 44. a7 Ra8 45. Ra6 c3 46. Kf1 c2 47. Rc6 Rxa7 48. Rxc2 Rf7+ 49. Ke2 Bxg3 50. Ke3 Bxh4 51. Kxe4 Re7+ 52. Kd4 Bf6+ 53. Kc4 Rc7+ 54. Kd3 0-1

[Event "Africa-chT rapid 13th"]
[Site "Accra"]
[Date "2024.03.09"]
[Round "4.3"]
[White "Silva, David Miguel Da"]
[Black "Mwali, Chitumbo"]
[Result "1-0"]
[WhiteElo "2358"]
[BlackElo "2340"]
[PlyCount "103"]
[EventDate "2024.03.09"]
[EventType "team-swiss (rapid)"]
[EventRounds "6"]
[EventCountry "GHA"]
[SourceTitle "CBM 219 Extra"]
[Source "ChessBase"]
[SourceDate "2024.05.31"]
[SourceVersion "1"]
[SourceVersionDate "2024.05.31"]
[SourceQuality "1"]
[WhiteTeam "Angola"]
[BlackTeam "Zambia"]
[WhiteTeamCountry "ANG"]
[BlackTeamCountry "ZAM"]

1. e4 e5 2. Nf3 Nc6 3. Bc4 Nf6 4. d3 Be7 5. 0-0 0-0 6. Nc3 d6 7. a3 a6 8. h3 b5 9. Ba2 Bb7 10. Nd5 Nxd5 11. Bxd5 Na5 12. Re1 c6 13. Ba2 c5 14. b4 cxb4 15. axb4 Nc6 16. Bd2 Kh8 17. Bd5 Qd7 18. c4 Nd8 19. Qb3 Ne6 20. Rec1 bxc4 21. dxc4 f5 22. Qd3 fxe4 23. Bxe4 Bxe4 24. Qxe4 Bf6 25. Ra2 Nd4 26. Nxd4 exd4 27. Qd5 Rae8 28. Rxa6 Re2 29. Ra8 Bd8 30. Bg5 Re5 31. Qf3 Rxf3 32. Rxd8+ Qxd8 33. Bxd8 Rc3 34. Rd1 Rxc4 35. b5 Rxb5 36. Bh4 d3 37. Bg3 Rd5 38. Kf1 h5 39. h4 Kh7 40. Ke1 Rc2 41. Kf1 Kg6 42. Ke1 Kf5 43. Kf1 g5 44. f3 gxh4 45. Bxh4 Kf4 46. Bf2 h4 47. Bxh4 Rh5 48. g3+ Ke3 49. Re1+ Re2 50. Ra1 Kxf3 51. Ra6 Rc5 52. Ra1 1-0

[Event "Liffre op"]
[Site "Liffre"]
[Date "2023.10.27"]
[Round "9"]
[White "Le Goff, Damien"]
[Black "Silva, David Miguel Da"]
[Result "1/2-1/2"]
[WhiteElo "2253"]
[BlackElo "2347"]
[PlyCount "72"]
[EventDate "2023.10.21"]
[EventType "swiss"]
[EventRounds "9"]
[EventCountry "FRA"]
[SourceTitle "EXT 2025"]
[Source "ChessBase"]
[SourceDate "2024.10.14"]
[SourceVersion "1"]
[SourceVersionDate "2024.10.14"]
[SourceQuality "1"]

1. d4 Nf6 2. c4 g6 3. Nc3 Bg7 4. Nf3 0-0 5. Bg5 h6 6. Bh4 d6 7. e3 c5 8. Be2 g5 9. Bg3 Nh5 10. d5 Qb6 11. Qc1 f5 12. Nd2 Nxg3 13. hxg3 Nd7 14. Qc2 Nf6 15. f3 Nd7 16. Rh2 Nf6 17. 0-0-0 e6 18. Rdh1 Qc7 19. Bd3 Qe7 20. g4 fxg4 21. Rxh6 Bxh6 22. Rxh6 exd5 23. Nxd5 Nxd5 24. Bh7+ Kh8 25. Be4+ Kg7 26. Rh7+ Kf6 27. Rxe7 Nxe7 28. Qc3+ Kf7 29. Qd3 Be6 30. Bxb7 Rad8 31. Ne4 Bf5 32. Bd5+ Kg7 33. Qc3+ Kg6 34. Ng3 Nxd5 35. cxd5 gxf3 36. gxf3 Rde8 1/2-1/2

[Event "Liffre op"]
[Site "Liffre"]
[Date "2023.10.25"]
[Round "7"]
[White "Dimitrov, Radoslav"]
[Black "Silva, David Miguel Da"]
[Result "1/2-1/2"]
[WhiteElo "2499"]
[BlackElo "2347"]
[PlyCount "53"]
[EventDate "2023.10.21"]
[EventType "swiss"]
[EventRounds "9"]
[EventCountry "FRA"]
[SourceTitle "EXT 2025"]
[Source "ChessBase"]
[SourceDate "2024.10.14"]
[SourceVersion "1"]
[SourceVersionDate "2024.10.14"]
[SourceQuality "1"]

1. e4 c5 2. c3 Nf6 3. e5 Nd5 4. Bc4 Nb6 5. Bb3 c4 6. Bc2 Nc6 7. Nf3 Qc7 8. Qe2 g5 9. h3 Bg7 10. e6 dxe6 11. Nxg5 Qe5 12. d3 Qxe2+ 13. Kxe2 cxd3+ 14. Bxd3 Ne5 15. Bb5+ Nbd7 16. Nd2 0-0 17. f4 a6 18. Ba4 Nd3 19. Bxd7 Nxc1+ 20. Raxc1 Bxd7 21. Ngf3 Bc6 22. Ke3 Rfd8 23. Rhd1 Rd5 24. Nc4 Rad8 25. Rxd5 Bxd5 26. Rd1 Re8 27. Nb6 1/2-1/2

[Event "POR SuperCup"]
[Site "Figueiro dos Vinhos"]
[Date "2022.10.15"]
[Round "1.1"]
[White "Silva, David Miguel Da"]
[Black "Peralta, Fernando"]
[Result "0-1"]
[WhiteElo "2344"]
[BlackElo "2585"]
[PlyCount "122"]
[EventDate "2022.10.15"]
[EventType "team-match"]
[EventRounds "1"]
[EventCountry "POR"]
[SourceTitle "CBM 210 Extra"]
[Source "ChessBase"]
[SourceDate "2022.11.30"]
[SourceVersion "1"]
[SourceVersionDate "2022.11.30"]
[SourceQuality "1"]
[WhiteTeam "Vitoria"]
[BlackTeam "Montemor o Novo"]
[WhiteTeamCountry "POR"]
[BlackTeamCountry "POR"]

1. e4 e6 2. d4 d5 3. Nd2 c5 4. Ngf3 cxd4 5. exd5 Qxd5 6. Bc4 Qd8 7. 0-0 Nc6 8. Nb3 a6 9. Nbxd4 Nxd4 10. Qxd4 Qxd4 11. Nxd4 Bd7 12. c3 Nf6 13. Bf4 Rc8 14. Bb3 Bc5 15. Rad1 0-0 16. Rfe1 Rfd8 17. h3 h6 18. Be5 Be7 19. Re3 Be8 20. Red3 Kh8 21. Rg3 b5 22. a3 a5 23. Ra1 Bd6 24. Re3 Bxe5 25. Rxe5 b4 26. Rxa5 bxc3 27. bxc3 Rxc3 28. Ba4 Rxd4 29. Bxe8 Nxe8 30. Ra8 Kh7 31. Rxe8 Ra4 32. Re7 Kg6 33. Rb1 Rcxa3 34. g3 Ra5 35. Rb2 Rf5 36. Kg2 Kh7 37. h4 g6 38. Re2 Kg8 39. Re8+ Kg7 40. Re7 Kf8 41. Rb7 Ra1 42. Rc7 g5 43. hxg5 hxg5 44. Rec2 Raa5 45. R7c4 Kg7 46. R2c3 Kg6 47. Rc2 Rfd5 48. Re2 Rd1 49. Rc8 Raa1 50. Rg8+ Kf5 51. f3 Rg1+ 52. Kh2 Rh1+ 53. Kg2 Rh7 54. g4+ Kf6 55. Kg3 Rah1 56. Kf2 R7h3 57. Ke3 Ra1 58. Rf2 Ra3+ 59. Ke2 Rh1 60. Rd8 Ke5 61. Rf8 Ra2+ 0-1

[Event "Olympiad-44"]
[Site "Chennai"]
[Date "2022.08.06"]
[Round "8.1"]
[White "Matamoros Franco, Carlos S"]
[Black "Silva, David Miguel Da"]
[Result "1-0"]
[WhiteElo "2459"]
[BlackElo "2315"]
[PlyCount "65"]
[EventDate "2022.07.29"]
[EventType "team-swiss"]
[EventRounds "11"]
[EventCountry "IND"]
[SourceTitle "CBM 210"]
[Source "ChessBase"]
[SourceDate "2022.10.31"]
[SourceVersion "1"]
[SourceVersionDate "2022.10.31"]
[SourceQuality "1"]
[WhiteTeam "Ecuador"]
[BlackTeam "Angola"]
[WhiteTeamCountry "ECU"]
[BlackTeamCountry "ANG"]

1. Nf3 Nf6 2. g3 g6 3. Bg2 Bg7 4. c4 0-0 5. Nc3 c5 6. d4 Nc6 7. dxc5 Qa5 8. 0-0 Qxc5 9. b3 d6 10. Bb2 Qh5 11. h4 Ne4 12. Qc1 Bh6 13. Qc2 Nf6 14. Rfe1 Bf5 15. e4 Nb4 16. Qb1 Bg4 17. Nh2 Bd2 18. Nxg4 Qxg4 19. e5 Bxe1 20. exf6 Bxf2+ 21. Kxf2 Qd4+ 22. Ke2 Qg4+ 23. Kf1 Qxg3 24. Qe1 Qf4+ 25. Qf2 Qxf2+ 26. Kxf2 e6 27. Rd1 Rab8 28. Ba3 a5 29. Rxd6 Rfd8 30. Rxd8+ Rxd8 31. Bxb7 Rd2+ 32. Ke1 Rd7 33. Be4 1-0

[Event "Olympiad-44"]
[Site "Chennai"]
[Date "2022.08.03"]
[Round "6.1"]
[White "Carpenter, Paul A"]
[Black "Silva, David Miguel Da"]
[Result "0-1"]
[WhiteElo "1938"]
[BlackElo "2315"]
[PlyCount "48"]
[EventDate "2022.07.29"]
[EventType "team-swiss"]
[EventRounds "11"]
[EventCountry "IND"]
[SourceTitle "CBM 210"]
[Source "ChessBase"]
[SourceDate "2022.10.31"]
[SourceVersion "1"]
[SourceVersionDate "2022.10.31"]
[SourceQuality "1"]
[WhiteTeam "Jersey"]
[BlackTeam "Angola"]
[WhiteTeamCountry "GCI"]
[BlackTeamCountry "ANG"]

1. e4 c5 2. d3 Nc6 3. Nd2 g6 4. c3 Bg7 5. Ngf3 d6 6. h3 Nf6 7. Be2 0-0 8. g4 d5 9. Qc2 e5 10. Nf1 Be6 11. Ng3 Rc8 12. Rg1 Kh8 13. Bg5 b5 14. Qc1 d4 15. Nxe5 Nxe5 16. f4 h6 17. fxe5 hxg5 18. exf6 Qxf6 19. e5 Qxe5 20. Ne4 dxc3 21. bxc3 c4 22. h4 cxd3 23. Bxd3 Bd5 24. Qxg5 Rfe8 0-1

[Event "Olympiad-44"]
[Site "Chennai"]
[Date "2022.08.02"]
[Round "5.1"]
[White "Amin, Bassem"]
[Black "Silva, David Miguel Da"]
[Result "1-0"]
[WhiteElo "2680"]
[BlackElo "2315"]
[PlyCount "70"]
[EventDate "2022.07.29"]
[EventType "team-swiss"]
[EventRounds "11"]
[EventCountry "IND"]
[SourceTitle "CBM 210"]
[Source "ChessBase"]
[SourceDate "2022.10.31"]
[SourceVersion "1"]
[SourceVersionDate "2022.10.31"]
[SourceQuality "1"]
[WhiteTeam "Egypt"]
[BlackTeam "Angola"]
[WhiteTeamCountry "EGY"]
[BlackTeamCountry "ANG"]

1. Nf3 d5 2. c4 c6 3. g3 Nf6 4. Bg2 Bf5 5. cxd5 cxd5 6. Qb3 Qb6 7. Qxb6 axb6 8. d3 Nc6 9. Nc3 e5 10. 0-0 h6 11. Nh4 Be6 12. f4 exf4 13. gxf4 d4 14. f5 Bb3 15. Nb5 Kd7 16. Bxc6+ bxc6 17. Nxd4 Bc5 18. Nhf3 Bxa2 19. Bd2 Ra4 20. Bc3 Nd5 21. e4 Nxc3 22. bxc3 Re8 23. Rf2 Rea8 24. Ne5+ Ke8 25. Nexc6 f6 26. Rb2 Bf7 27. Rxa4 Rxa4 28. Kg2 Kd7 29. Nb4 Ra1 30. Nf3 Ra3 31. e5 fxe5 32. Nxe5+ Ke8 33. c4 Ra1 34. Nbc6 Ra4 35. Kf3 h5 1-0

[Event "Olympiad-44"]
[Site "Chennai"]
[Date "2022.07.31"]
[Round "3.1"]
[White "Silva, David Miguel Da"]
[Black "Bjerre, Jonas Buhl"]
[Result "0-1"]
[WhiteElo "2315"]
[BlackElo "2608"]
[PlyCount "100"]
[EventDate "2022.07.29"]
[EventType "team-swiss"]
[EventRounds "11"]
[EventCountry "IND"]
[SourceTitle "CBM 210"]
[Source "ChessBase"]
[SourceDate "2022.10.31"]
[SourceVersion "1"]
[SourceVersionDate "2022.10.31"]
[SourceQuality "1"]
[WhiteTeam "Angola"]
[BlackTeam "Denmark"]
[WhiteTeamCountry "ANG"]
[BlackTeamCountry "DEN"]

1. e4 c5 2. c3 Nf6 3. e5 Nd5 4. Nf3 e6 5. d4 cxd4 6. cxd4 d6 7. Bc4 Be7 8. 0-0 0-0 9. Qe2 Bd7 10. exd6 Bxd6 11. Bg5 Qc7 12. Bxd5 exd5 13. Nc3 Re8 14. Qd3 Qc4 15. Qxc4 dxc4 16. Nd2 Rc8 17. Rfc1 Bf8 18. Bf4 Nc6 19. Nxc4 Nxd4 20. Ne5 Be6 21. Be3 Rxc3 22. Bxd4 Rxc1+ 23. Rxc1 Bxa2 24. Ra1 Be6 25. Rxa7 Rd8 26. Nf3 Bg4 27. Bc3 b5 28. Ra1 b4 29. Be5 Rd3 30. Kf1 Bxf3 31. gxf3 Rxf3 32. Ra8 Rd3 33. Ke2 Rd5 34. Bf4 f6 35. Bd2 Kf7 36. Rb8 Rd4 37. f4 f5 38. b3 Re4+ 39. Kf3 Be7 40. Rb7 h6 41. Be3 Kg6 42. Bd2 Kh5 43. Rb5 g6 44. Be3 Re6 45. Bc5 Bxc5 46. Rxc5 Rd6 47. Ke3 Kg4 48. Rc4 Re6+ 49. Kd3 Re4 50. Rc6 g5 0-1

[Event "Olympiad-44"]
[Site "Chennai"]
[Date "2022.07.29"]
[Round "1.1"]
[White "Silva, David Miguel Da"]
[Black "Aronian, Levon"]
[Result "1/2-1/2"]
[WhiteElo "2315"]
[BlackElo "2775"]
[PlyCount "82"]
[EventDate "2022.07.29"]
[EventType "team-swiss"]
[EventRounds "11"]
[EventCountry "IND"]
[SourceTitle "CBM 210"]
[Source "ChessBase"]
[SourceDate "2022.10.31"]
[SourceVersion "1"]
[SourceVersionDate "2022.10.31"]
[SourceQuality "1"]
[WhiteTeam "Angola"]
[BlackTeam "United States"]
[WhiteTeamCountry "ANG"]
[BlackTeamCountry "USA"]

1. e4 c5 2. Nf3 d6 3. Bb5+ Nd7 4. c3 Ngf6 5. Bd3 Ne5 6. Nxe5 dxe5 7. Bc2 g6 8. d3 Bg7 9. Be3 b6 10. 0-0 0-0 11. h3 Ba6 12. Re1 Qd6 13. Na3 Rad8 14. Qf3 Nh5 15. Rad1 Bb7 16. Bb3 Kh8 17. Qg4 Qc6 18. Bd5 Rxd5 19. exd5 Qxd5 20. f3 Qc6 21. Qc4 Qd6 22. Qa4 Qb8 23. b4 cxb4 24. Qxb4 Re8 25. c4 Nf6 26. Nb5 Nd7 27. a4 a5 28. Qb1 Kg8 29. Bf2 Bc6 30. Qb3 Nc5 31. Bxc5 bxc5 32. Qc2 Bd7 33. Rb1 Rc8 34. Qd2 Qb6 35. Rb3 Qd8 36. Reb1 Rb8 37. Qe3 e4 38. Qxe4 e6 39. Qf4 Be8 40. Kh1 h5 41. Qd6 Bf8 1/2-1/2

[Event "ANG-ch"]
[Site "Benguela"]
[Date "2022.05.24"]
[Round "5"]
[White "Cambando, Jose"]
[Black "Silva, David Miguel Da"]
[Result "0-1"]
[WhiteElo "2136"]
[BlackElo "2314"]
[PlyCount "36"]
[EventDate "2022.05.22"]
[EventType "swiss"]
[EventRounds "9"]
[EventCountry "ANG"]
[SourceTitle "EXT 2023"]
[Source "ChessBase"]
[SourceDate "2022.10.05"]
[SourceVersion "1"]
[SourceVersionDate "2022.10.05"]
[SourceQuality "1"]

1. Nf3 Nf6 2. c4 g6 3. Nc3 Bg7 4. g3 0-0 5. Bg2 d6 6. d4 Nbd7 7. 0-0 e5 8. h3 c6 9. e4 a6 10. a4 a5 11. Be3 exd4 12. Nxd4 Re8 13. f4 Nc5 14. e5 Nfd7 15. Nxc6 bxc6 16. Bxc6 Ra6 17. Bb5 dxe5 18. fxe5 Bxe5 0-1

[Event "Online Olym Div2 D"]
[Site "Chess.com INT"]
[Date "2021.09.04"]
[Round "9.3"]
[White "Ouaret, Abdelouhab"]
[Black "Silva, David Miguel Da"]
[Result "1-0"]
[WhiteElo "2085"]
[BlackElo "2312"]
[PlyCount "115"]
[EventDate "2021.09.02"]
[EventType "team (rapid)"]
[EventRounds "9"]
[EventCountry "USA"]
[SourceTitle "CBM 204 Extra"]
[Source "ChessBase"]
[SourceDate "2021.11.30"]
[SourceVersion "1"]
[SourceVersionDate "2021.11.30"]
[SourceQuality "1"]
[WhiteTeam "Algeria"]
[BlackTeam "Angola"]
[WhiteTeamCountry "ALG"]
[BlackTeamCountry "ANG"]

1. Nf3 Nf6 2. c4 g6 3. g3 Bg7 4. Bg2 0-0 5. 0-0 d6 6. d4 c6 7. Nc3 Qa5 8. Re1 Qh5 9. Qd3 e5 10. dxe5 dxe5 11. Qe3 Re8 12. Qg5 e4 13. Nd4 Qxg5 14. Bxg5 Ng4 15. Rad1 f5 16. h3 Ne5 17. b3 Na6 18. Na4 Nf7 19. Bc1 Rd8 20. Bb2 Bd7 21. Nc2 b5 22. Bxg7 Kxg7 23. Nb2 Kf6 24. f3 exf3 25. exf3 Rac8 26. f4 Nc5 27. Nd4 h5 28. Kh2 h4 29. gxh4 Ne4 30. Bxe4 fxe4 31. Rxe4 Nd6 32. Ree1 bxc4 33. Nxc4 Nxc4 34. bxc4 Rb8 35. Nb3 Be6 36. c5 Rxd1 37. Rxd1 Bd5 38. Kg3 Rb5 39. Rd3 a5 40. Rc3 a4 41. Nd4 Rb1 42. a3 Rg1+ 43. Kf2 Ra1 44. h5 gxh5 45. Kg3 Bb3 46. Nxc6 Rxa3 47. Nd4 Ra1 48. c6 Rg1+ 49. Kh4 Rg8 50. Nxb3 axb3 51. Rxb3 Rc8 52. Rc3 Kf5 53. c7 Kxf4 54. Kxh5 Kf5 55. Kh6 Kf6 56. Rc6+ Ke7 57. Kg7 Kd7 58. Rc1 1-0

[Event "Online Olym Div3 C"]
[Site "Chess.com INT"]
[Date "2021.08.29"]
[Round "9.4"]
[White "Greet, Andrew"]
[Black "Silva, David Miguel Da"]
[Result "1/2-1/2"]
[WhiteElo "2417"]
[BlackElo "2308"]
[PlyCount "143"]
[EventDate "2021.08.27"]
[EventType "team-tourn (rapid)"]
[EventRounds "9"]
[EventCountry "USA"]
[SourceTitle "CBM 204 Extra"]
[Source "ChessBase"]
[SourceDate "2021.11.30"]
[SourceVersion "1"]
[SourceVersionDate "2021.11.30"]
[SourceQuality "1"]
[WhiteTeam "Scotland"]
[BlackTeam "Angola"]
[WhiteTeamCountry "SCO"]
[BlackTeamCountry "ANG"]

1. e4 c5 2. Nc3 Nc6 3. Bb5 g6 4. Bxc6 bxc6 5. d3 Bg7 6. Nge2 d6 7. 0-0 Nf6 8. b3 0-0 9. f4 Ne8 10. f5 d5 11. Bb2 c4 12. dxc4 Qb6+ 13. Kh1 dxe4 14. Ng3 Qa5 15. fxg6 hxg6 16. Na4 Bxb2 17. Nxb2 f5 18. Qc1 Qc3 19. Na4 Qg7 20. Nc5 Nd6 21. Qg5 Rf6 22. Rad1 Nf7 23. Qe3 Rd6 24. Kg1 Qe5 25. Ne2 g5 26. g3 Qg7 27. Nd4 Qe5 28. Ne2 Qg7 29. Nd4 Nh6 30. Nde6 Bxe6 31. Rxd6 Ng4 32. Qc1 exd6 33. Nxe6 Qh6 34. Qxg5+ Qxg5 35. Nxg5 Ne3 36. Rf2 d5 37. cxd5 cxd5 38. Ne6 Kf7 39. Nd4 Kg6 40. Re2 Nd1 41. Kf1 Rh8 42. a4 Nc3 43. Rf2 e3 44. Rg2 Kf6 45. Ne2 Ne4 46. Nf4 d4 47. Ke2 Nf2 48. Nd3 Rc8 49. Nxf2 Rxc2+ 50. Kf3 exf2 51. Rxf2 Rc3+ 52. Kf4 Rxb3 53. Rc2 d3 54. Rc6+ Ke7 55. Ke3 Rb2 56. Kxd3 Rxh2 57. Ke3 Rg2 58. Kf3 Ra2 59. Ra6 Kf7 60. Rxa7+ Kf6 61. Ra8 Ke5 62. Ra5+ Kf6 63. Kf4 Rf2+ 64. Ke3 Ra2 65. Ra8 Kg5 66. Kf3 Ra3+ 67. Kg2 Ra2+ 68. Kh3 Ra3 69. Rg8+ Kh6 70. Ra8 f4 71. Kg2 Rxg3+ 72. Kf2 1/2-1/2

[Event "Online Olym Div3 C"]
[Site "Chess.com INT"]
[Date "2021.08.29"]
[Round "7.3"]
[White "Oatlhotse, Providence"]
[Black "Silva, David Miguel Da"]
[Result "0-1"]
[WhiteElo "2188"]
[BlackElo "2308"]
[PlyCount "116"]
[EventDate "2021.08.27"]
[EventType "team-tourn (rapid)"]
[EventRounds "9"]
[EventCountry "USA"]
[SourceTitle "CBM 204 Extra"]
[Source "ChessBase"]
[SourceDate "2021.11.30"]
[SourceVersion "1"]
[SourceVersionDate "2021.11.30"]
[SourceQuality "1"]
[WhiteTeam "Botswana"]
[BlackTeam "Angola"]
[WhiteTeamCountry "BOT"]
[BlackTeamCountry "ANG"]

1. d4 Nf6 2. c4 g6 3. Nc3 Bg7 4. e4 d6 5. Be2 0-0 6. Nf3 e5 7. 0-0 Nc6 8. d5 Ne7 9. Rb1 h6 10. b4 Nh5 11. c5 f5 12. Nd2 Nf4 13. f3 g5 14. Nc4 fxe4 15. fxe4 Neg6 16. Bg4 Bd7 17. Ne3 Ne7 18. g3 Qc8 19. Bd2 Nh3+ 20. Kg2 Rxf1 21. Kxf1 Qf8+ 22. Kg2 Nf2 23. Qe2 Nxg4 24. Nxg4 Qc8 25. h3 a5 26. Nd1 axb4 27. Bxb4 Ra6 28. a3 Be8 29. Nge3 Bg6 30. Nf2 Kh7 31. Rc1 dxc5 32. Rxc5 Ng8 33. Qc4 c6 34. dxc6 Rxc6 35. Nd5 Bf7 36. Rxc6 bxc6 37. Nb6 Qb7 38. Qc5 Nf6 39. Nc4 Nd7 40. Nd6 Nxc5 41. Nxb7 Nxb7 42. a4 Bc4 43. Ng4 h5 44. Ne3 Bd3 45. Kf3 c5 46. Bc3 Nd6 47. a5 Nxe4 48. Be1 Nd6 49. Nd1 e4+ 50. Ke3 Nc4+ 51. Kf2 Bd4+ 52. Kg2 e3 53. a6 Be4+ 54. Kf1 Bf3 55. Nc3 Nd2+ 56. Bxd2 exd2 57. a7 Bxc3 58. Kf2 d1Q 0-1